| 000 | 00438nam a22001697a 4500 | ||
|---|---|---|---|
| 003 | NUST - PNEC | ||
| 005 | 20170116180842.0 | ||
| 008 | 150822b xxu||||| |||| 00| 0 eng d | ||
| 020 | _a0120335271 | ||
| 040 | _cLIBRARY | ||
| 082 | _a547.1 BET | ||
| 100 |
_95417 _a Bethell, D |
||
| 245 |
_aAdvances in physical organic chemistry. _c D, Bethell |
||
| 260 | _cc 1992 | ||
| 650 |
_95419 _aPhysical organic chemistry _x- |
||
| 942 |
_2ddc _cBK |
||
| 999 |
_c64432 _d64432 |
||